Mystery Taylor Swift Song #64 - Statistics

General Stats
  • This quiz has been taken 371 times
  • The average score is 85 of 127
Answer Stats
Song % Correct
a
96%
I
95%
You
95%
the
92%
Midnights
91%
be
89%
me
88%
it
87%
on
86%
to
86%
your
86%
and
85%
can
84%
he
84%
in
83%
men
82%
where
82%
don't
81%
for
81%
I'm
81%
of
81%
but
80%
She
80%
So
80%
They
79%
been
78%
I've
77%
know
76%
my
76%
her
75%
how
75%
all
74%
dress
74%
had
74%
say
74%
shit
74%
vigilante
74%
did
73%
dressing
73%
revenge
73%
tell
73%
what
73%
get
72%
was
72%
as
71%
Lately
71%
some
71%
them
71%
think
71%
women
71%
even
70%
from?
70%
got
70%
kill
70%
man
70%
she's
70%
ends
69%
want
69%
bad
68%
enough
68%
eye
68%
one
68%
Vigilante Shit
68%
with
68%
worst
68%
Now
67%
things
67%
mine
66%
cat
65%
his
65%
sharp
65%
start
65%
Draw
64%
looks
64%
sad
63%
friends
62%
gave
62%
try
62%
weekends
62%
will
62%
Driving
61%
might
61%
pretty
61%
Benz
60%
ex
60%
Or
60%
wife
60%
lady
59%
last
59%
always
58%
hard
58%
house
58%
people
58%
proof
58%
again
57%
envelope
57%
doing
56%
kids
56%
Ladies
56%
lines
56%
needed
56%
Someone
56%
cold
55%
FBI
55%
told
55%
crossing
54%
gets
54%
lie
53%
above
52%
crimes
52%
rise
52%
simply
52%
sweet
52%
white
52%
innocents
51%
villains
51%
which
51%
collar
50%
kind
50%
Picture
50%
thick
50%
fun
49%
thieves
48%
wonder
47%
pride
46%
Sometimes
44%
While
39%
No matching quizzes found
Score Distribution
Percent of People with Each Score
Percentile by Number Answered
Your Score History
You have not taken this quiz